| 000 | 00445nam a22001817a 4500 | ||
|---|---|---|---|
| 005 | 20260417161741.0 | ||
| 008 | 260417b |||||||| |||| 00| 0 eng d | ||
| 020 |
_a9788178800615 _c1995.00 |
||
| 040 | _aMAIN | ||
| 041 | _aEnglish | ||
| 082 |
_a801.95 _bHAG |
||
| 100 |
_aHag, Twin _926647 |
||
| 245 | _aDictionary of Literary Terms | ||
| 260 |
_aNew Delhi _bRajat Publication _c2026 |
||
| 300 | _a246 | ||
| 650 |
_aEnglish _99 |
||
| 942 | _cBK | ||
| 999 |
_c60643 _d60643 |
||